| 000 | 02509cam a2200565 i 4500 | ||
|---|---|---|---|
| 001 | xx004716985 | ||
| 003 | NUKAT | ||
| 005 | 20260416124656.0 | ||
| 008 | 191008s2019 pl a |000 0 pol c | ||
| 020 | _a9788380981454 | ||
| 035 | _a(OCoLC)1126615143 | ||
| 035 | _a(NUKAT)xx004716985 | ||
| 040 |
_aWA U/EBA _bpol _erda _cWA U/EBAs _dWA U/DSW _dWR O/IS _dWA 14/PTs |
||
| 045 | 2 |
_bd1933 _bd1945 |
|
| 046 | _k2019 | ||
| 245 | 0 | 0 |
_aZbiór fotografii Głównej Komisji Badania Zbrodni przeciwko Narodowi Polskiemu - Instytutu Pamięci Narodowej : _bprzegląd zawartości / _credakcja naukowa Tomasz Stempowski, Konrad Wiesław Ślusarski ; Instytut Pamięci Narodowej Komisja Ścigania Zbrodni przeciwko Narodowi Polskiemu. |
| 260 |
_a[Warszawa] : _bInstytut Pamięci Narodowej Komisja Ścigania Zbrodni przeciwko Narodowi Polskiemu, _c© copyright 2019. |
||
| 300 |
_a1109, [3] strony, [40] stron tablic : _bilustracje ; _c25 cm. |
||
| 336 |
_aTekst _btxt _2rdacontent |
||
| 337 |
_aBez urządzenia pośredniczącego _bn _2rdamedia |
||
| 338 |
_aWolumin _bnc _2rdacarrier |
||
| 380 | _aKsiążki | ||
| 380 | _aPublikacje naukowe | ||
| 388 | 1 | _a2001- | |
| 500 | _aMiejsce wydania na podstawie serwisu e-ISBN. | ||
| 504 | _aBibliografia na stronach 1095-1105. | ||
| 510 | 3 | _aBNPol online | |
| 610 | 2 | 7 |
_aInstytut Pamięci Narodowej _2DBN _939618 |
| 610 | 2 | 7 |
_aInstytut Pamięci Narodowej - Komisja Ścigania Zbrodni przeciwko Narodowi Polskiemu _vkatalogi. _2kaba _940161 |
| 648 | 7 |
_a1901-2000 _2DBN _934996 |
|
| 648 | 7 |
_a1918-1939 _2DBN _936041 |
|
| 648 | 7 |
_a1939-1945 _2DBN _936042 |
|
| 650 | 7 |
_aFotografia dokumentalna _2DBN _939457 |
|
| 650 | 7 |
_aII wojna światowa (1939-1945) _2DBN _935099 |
|
| 650 | 7 |
_aLudobójstwo niemieckie (1939-1945) _2DBN _935441 |
|
| 650 | 7 |
_aTrzecia Rzesza (1933-1945) _2DBN _940162 |
|
| 650 | 7 |
_aZbiory archiwalne _2DBN _937406 |
|
| 650 | 7 |
_aFotografie _xkolekcje publiczne _zPolska _vkatalogi. _2kaba _940163 |
|
| 651 | 7 |
_aNiemcy _2DBN _935243 |
|
| 651 | 7 |
_aPolska _2DBN _935076 |
|
| 655 | 7 |
_aOpracowanie _2DBN _935024 |
|
| 658 | _aBezpieczeństwo i wojskowość | ||
| 658 | _aBibliotekarstwo, archiwistyka, muzealnictwo | ||
| 658 | _aHistoria | ||
| 700 | 1 |
_aStempowski, Tomasz _d(1971- ). _eRedakcja _940159 |
|
| 700 | 1 |
_aŚlusarski, Konrad _d(1976- ). _eRedakcja _940160 |
|
| 710 | 2 |
_aInstytut Pamięci Narodowej - Komisja Ścigania Zbrodni przeciwko Narodowi Polskiemu. _eInstytucja sprawcza _eWydawca _4pbl _911792 |
|
| 920 | _a978-83-8098-145-4 | ||
| 942 |
_2ddc _cBK_NM |
||
| 999 |
_c27611 _d27611 |
||